000 00717nam a2200217Ii 4500
003 JO-AjNU
008 230605s9999||||xx |||||||||||||| ||und||
017 _a2001/8242
020 _a977-5969-19-0
040 _aJO-AjNU
_bara
_erda
_cJO-AjNU
041 _aara
050 1 4 _aTX911.3.Z3458.2003
100 3 _aالزلاقى، ليلى محمد صابر ,
_eauthor
_932759
245 0 0 _aالاشراف الداخلي الفندقي
264 3 1 _aالقاهرة:مؤسسة طيبة للنشر والتوزيع ،2003
300 _a220ص
336 _atext
_btxt
_2rdacontent
337 _aunmediated
_bn
_2rdamedia
338 _avolume
_bnc
_2rdacarrier
650 4 _aالفنادق-الدور والمهام
_932760
999 _aA13262
_c16830
_d16830